| 000 | 00725nam a2200229 u 4500 | ||
|---|---|---|---|
| 005 | 20240910063939.0 | ||
| 008 | 100215s2004 r 000 0 eng d | ||
| 020 | _a9580441480 | ||
| 035 | _aUPN01000174740 | ||
| 049 | _aI | ||
| 050 | 4 |
_aPZ75 _bB6.2 |
|
| 100 | 1 |
_aNunes, Lygia Bojunga, _d1932- _929721 |
|
| 245 | 1 | 3 |
_aLa bolsa amarilla / _cLygia Bojunga ; il. Esperanza Vallejo ; tr. Elkin Obregón. |
| 260 |
_aBogotá : _bNorma, _b2005. |
||
| 300 |
_a156 p. : _bil. |
||
| 440 | 0 |
_aTorre de papel. _pAzul |
|
| 534 |
_pTítulo original: _tA bolsa Amarela |
||
| 650 | 4 |
_aNiños en la literatura _914415 |
|
| 650 | 4 |
_aLITERATURA INFANTIL BRASILEÑA _911916 |
|
| 650 | 4 |
_aLibros y lectura para niños _92290 |
|
| 905 | _aLibro | ||
| 999 |
_c146844 _d146844 |
||